U.S. Presidents With The Same Last Name - Statistics

General Stats
  • This quiz has been taken 81 times
  • The average score is 9 of 12
Answer Stats
Hint Answer % Correct
George W. Bush
96%
26 and 32 Theodore Roosevelt
94%
2 and 6 John Adams
88%
Franklin D. Roosevelt
87%
John Quincy Adams
85%
41 and 43 George H. W. Bush
84%
Lyndon B. Johnson
75%
17 and 36 Andrew Johnson
65%
22 and 24 Grover Cleveland
62%
Grover Cleveland
62%
9 and 23 William Henry Harrison
62%
Benjamin Harrison
57%
No matching quizzes found
Score Distribution
Percent of People with Each Score
Percentile by Number Answered
Your Score History
You have not taken this quiz